Básně /
Kniha je výborem z díla francouzského básníka poloviny patnáctého století, který je známý pro svůj nespoutaný a nekonvenční způsob života.
Uloženo v:
| Hlavní autor: | |
|---|---|
| Další autoři: | |
| Médium: | E-kniha |
| Jazyk: | Czech |
| Vydáno: |
Praha :
Dobrovský s.r.o.,
2025
|
| Edice: | 1400
|
| Témata: | |
| Tagy: |
Žádné tagy |
| LEADER | 02398nam a2200445 i 4500 | ||
|---|---|---|---|
| 001 | 312670 | ||
| 003 | CZ PrSKC | ||
| 005 | 20260601215726.0 | ||
| 007 | ta | ||
| 008 | 250305s2025 xr g 000 p cze | ||
| 015 | |a cnb003675850 | ||
| 020 | |a 9788027723010 |q (vázáno) : |c Kč 349,00 | ||
| 035 | |a (OCoLC)1519101235 | ||
| 040 | |a ABG001 |b cze |e rda | ||
| 041 | 1 | |a cze |h fre | |
| 072 | 7 | |a 821.133.1-1 |x Francouzská poezie, francouzsky psaná |2 Konspekt | |
| 080 | |a 821.133.1-1 |2 MRF | ||
| 080 | |a (0:82-1) |2 MRF | ||
| 080 | |a (082.21) |2 MRF | ||
| 100 | 1 | |a Villon, François, |d asi 1429-asi 1463 |7 jn19990009794 |4 aut | |
| 245 | 1 | 0 | |a Básně / |c François Villon ; přeložil Otokar Fischer |
| 264 | 1 | |a Praha : |b Dobrovský s.r.o., |c 2025 | |
| 300 | |a 202 stran ; |c 17 cm | ||
| 336 | |a text |b txt |2 rdacontent | ||
| 337 | |a bez média |b n |2 rdamedia | ||
| 338 | |a svazek |b nc |2 rdacarrier | ||
| 490 | 1 | |a 1400 | |
| 500 | |a Přeloženo z francouzštiny | ||
| 520 | 2 | |a Kniha je výborem z díla francouzského básníka poloviny patnáctého století, který je známý pro svůj nespoutaný a nekonvenční způsob života. |b Villonovy verše jsou rozděleny do několika tematických okruhů - píše šprýmové odkazy, také se hodně zamýšlí nad smrtí a své myšlenky překlápí do úvah o umírání, dalším okruhem jsou básně zaměřené proti pomlouvačům, jindy zase popisuje pomíjivost lásky, krásy či slávy. Ve svých verších dává často na odiv svou tělesnou i duševní nedokonalost. Uspořádání tohoto výboru je snahou o alespoň přibližnou chronologii podle dostupných faktů z básníkova života. Nakladatelská anotace. Kráceno. | |
| 655 | 7 | |a francouzská poezie |7 fd132284 |2 czenas | |
| 655 | 7 | |a výbory |7 fd133853 |2 czenas | |
| 655 | 9 | |a French poetry |2 eczenas | |
| 655 | 9 | |a selected works |2 eczenas | |
| 700 | 1 | |a Fischer, Otokar, |d 1883-1938 |7 jk01031286 |4 trl | |
| 830 | 0 | |a 1400 | |
| 900 | |a ABA001 |b 19 | ||
| 044 | |a xr | ||
| 910 | |a RBIT002 | ||
| 998 | |d 417771 |a https://core.palmknihy.cz/api/books/417771/cover?ssyixe |b https://core.palmknihy.cz/api/books/417771/cover/400?ssyixe |c https://core.palmknihy.cz/api/books/417771/cover/50?ssyixe |e |g 208 |i 9788027723010 |j https://core.palmknihy.cz/api/books/417771/preview.epub |k https://core.palmknihy.cz/api/books/417771/preview.pdf |l |q 49 |r 1 |s https://www.palmknihy.cz/kniha/417771 |t ebook |y 2025 |z 0 | ||
| 999 | |d 312668 | ||